[Event "SR 2. liga A 2004/2005"]
[Site "?"]
[Date "2004.12.18"]
[Round "5.8"]
[White "Priam, Stefan"]
[Black "Hoferek, Peter"]
[Result "0-1"]
[WhiteElo "1802"]
[BlackElo "1943"]
[PlyCount "81"]
[EventDate "2004.??.??"]

1. d4 Nf6 2. Bf4 g6 3. Nd2 Bg7 4. e4 d6 5. c3 O-O 6. Ngf3 Nbd7 7. Bd3 Nh5 8.
Be3 e5 9. O-O Nf4 10. Bxf4 exf4 11. Re1 Re8 12. Qb3 Nb6 13. a4 a5 14. Nc4 Nd7
15. Rad1 b6 16. e5 d5 17. Ncd2 Nf8 18. Bb5 Re6 19. c4 c6 20. cxd5 cxd5 21. Rc1
Bb7 22. Rc2 Rc8 23. Rec1 Rxc2 24. Qxc2 Re7 25. Nb1 f6 26. exf6 Bxf6 27. Nc3 Ne6
28. Qd2 Qd6 29. Ne2 g5 30. h3 h5 31. Qd3 g4 32. hxg4 hxg4 33. Nh2 Rg7 34. Qf5
g3 35. fxg3 fxg3 36. Ng4 Bxd4+ 37. Nxd4 Nxd4 38. Nf6+ Qxf6 39. Qxf6 Nb3 40.
Qd8+ Kh7 41. Bd3+ 0-1

[Event "SR 2. liga A 2004/2005"]
[Site "?"]
[Date "2004.12.18"]
[Round "5.8"]
[White "Skapik, Branislav"]
[Black "Barca, Michal"]
[Result "1-0"]
[WhiteElo "1769"]
[BlackElo "1716"]
[PlyCount "59"]
[EventDate "2004.??.??"]

1. e4 c5 2. Nf3 Nc6 3. d4 cxd4 4. Nxd4 Nf6 5. Nc3 Qb6 6. Be3 Qxb2 7. Ndb5 Qb4
8. Bd2 Kd8 9. a3 Qc5 10. Be2 d6 11. Be3 Qe5 12. f4 Qe6 13. f5 Qd7 14. a4 g6 15.
g4 Bg7 16. Rb1 Rg8 17. g5 Ne8 18. Nd5 e6 19. fxe6 fxe6 20. Bg4 Ne5 21. Nf6 Bxf6
22. gxf6 Qf7 23. Nxd6 Qd7 24. f7 Nxf7 25. Nxf7+ Kc7 26. Bf4+ Kc6 27. Ne5+ Kc5
28. Nxd7+ Bxd7 29. Qxd7 a6 30. Be3+ 1-0

[Event "SR 2. liga A 2004/2005"]
[Site "?"]
[Date "2004.12.18"]
[Round "5.8"]
[White "Vyboch, Jozef"]
[Black "Benak, Peter"]
[Result "1-0"]
[WhiteElo "1983"]
[BlackElo "1535"]
[PlyCount "81"]
[EventDate "2004.??.??"]

1. e4 Nf6 2. e5 Nd5 3. d4 d6 4. Nf3 Bg4 5. Be2 e6 6. O-O Be7 7. c4 Nb6 8. exd6
cxd6 9. b3 O-O 10. Nc3 d5 11. c5 N6d7 12. b4 a6 13. a4 Nc6 14. Rb1 Nf6 15. h3
Bf5 16. b5 Na5 17. Bd3 Bxd3 18. Qxd3 Nc4 19. Re1 Nd7 20. Bf4 Nb8 21. Ne5 Nxe5
22. Bxe5 Bf6 23. Bd6 Be7 24. Bxe7 Qxe7 25. Nxd5 Qd8 26. Nb6 Ra7 27. Nc4 Nd7 28.
Qf3 axb5 29. axb5 Nf6 30. b6 Ra4 31. Nd6 Rxd4 32. Qxb7 Qd7 33. Qxd7 Nxd7 34. b7
Nb8 35. Red1 Rxd1+ 36. Rxd1 Rd8 37. Ra1 Nc6 38. Ra8 Rb8 39. Nb5 g6 40. Nd4 Kg7
41. Nxc6 1-0

[Event "SR 2. liga A 2004/2005"]
[Site "?"]
[Date "2004.12.18"]
[Round "6.1"]
[White "Biro, Karol"]
[Black "Matejovic, Juraj"]
[Result "0-1"]
[WhiteElo "2225"]
[BlackElo "2200"]
[PlyCount "153"]
[EventDate "2004.??.??"]

1. e4 c5 2. Nf3 e6 3. c3 d5 4. e5 Nc6 5. d4 Qb6 6. Be2 Nh6 7. dxc5 Bxc5 8. O-O
Ng4 9. Qe1 Ngxe5 10. Nxe5 Nxe5 11. a4 O-O 12. Kh1 Bd7 13. Nd2 Rae8 14. f4 Ng6
15. Nf3 e5 16. fxe5 Nxe5 17. Nxe5 Rxe5 18. Qd1 Rfe8 19. Bf3 Bf2 20. Bf4 Re1 21.
Qd2 Rxa1 22. Rxa1 Bxa4 23. Bxd5 Bc6 24. c4 Qd4 25. Rf1 Qxd2 26. Bxd2 Re2 27.
Bc3 Kf8 28. h3 f6 29. Kh2 Bxd5 30. cxd5 Ke7 31. Bb4+ Kd7 32. b3 Bd4 33. Kg3
Re3+ 34. Rf3 Be5+ 35. Kf2 Re4 36. Bf8 g6 37. Rd3 f5 38. Bc5 b6 39. Be3 Kd6 40.
Kf3 Rb4 41. Bh6 Rb5 42. Bf8+ Kd7 43. g4 Ra5 44. gxf5 gxf5 45. b4 Ra2 46. d6 Bf6
47. Bh6 Ra4 48. Bd2 Ra1 49. Bf4 Rb1 50. Ra3 Ra1 51. Rd3 Rh1 52. Bg3 Bd8 53. b5
Rf1+ 54. Kg2 Rb1 55. Ra3 Rxb5 56. Rxa7+ Ke6 57. Rxh7 Rb2+ 58. Kf1 b5 59. h4 Rb4
60. h5 f4 61. Rh6+ Kf5 62. Bf2 f3 63. Kg1 Rb1+ 64. Kh2 Bg5 65. Rg6 Bf4+ 66. Bg3
f2 67. d7 Bxg3+ 68. Rxg3 Rh1+ 69. Kxh1 f1=Q+ 70. Kh2 Qe2+ 71. Kg1 Qd1+ 72. Kg2
Qxd7 73. Kh3 Qh7 74. Kh4 Qe7+ 75. Kh3 b4 76. h6 Qh7 77. Rf3+ 0-1

[Event "SR 2. liga A 2004/2005"]
[Site "?"]
[Date "2004.12.19"]
[Round "6.1"]
[White "Bisco, Igor"]
[Black "Harasta, Vladimir"]
[Result "1-0"]
[WhiteElo "2177"]
[BlackElo "2140"]
[PlyCount "89"]
[EventDate "2004.??.??"]

1. e4 e5 2. Nf3 Nc6 3. Bb5 Bc5 4. O-O Nge7 5. Nc3 O-O 6. Nd5 d6 7. Nxe7+ Qxe7
8. c3 Bg4 9. b4 Bb6 10. Be2 f5 11. a3 a5 12. b5 Nd8 13. h3 Bxf3 14. Bxf3 f4 15.
a4 Nf7 16. d4 Rae8 17. Bb2 Ng5 18. Re1 Kh8 19. Qe2 Nxf3+ 20. Qxf3 Qh4 21. Rad1
h5 22. c4 exd4 23. Bxd4 Bxd4 24. Rxd4 b6 25. Rd5 g5 26. e5 g4 27. Qc3 gxh3 28.
exd6+ Kg8 29. Ree5 Rxe5 30. Qxe5 Qg4 31. Qg5+ Qxg5 32. Rxg5+ Kh7 33. dxc7 Rc8
34. c5 Rxc7 35. c6 Re7 36. Rxh5+ Kg6 37. Rxh3 Re1+ 38. Kh2 Rc1 39. Rf3 Rc4 40.
g3 fxg3+ 41. Kxg3 Kg5 42. Rf8 Rc3+ 43. f3 Rc4 44. Rb8 Kf6 45. Rxb6 1-0

[Event "SR 2. liga A 2004/2005"]
[Site "?"]
[Date "2004.12.19"]
[Round "6.1"]
[White "Likavsky, Tomas"]
[Black "Lukac, Roman"]
[Result "1-0"]
[WhiteElo "2449"]
[BlackElo "2133"]
[PlyCount "59"]
[EventDate "2004.??.??"]

1. d4 Nf6 2. c4 c5 3. d5 e6 4. Nc3 exd5 5. cxd5 d6 6. Nf3 g6 7. Nd2 Nbd7 8. e4
Bg7 9. Be2 O-O 10. O-O a6 11. a4 Rb8 12. Rb1 Re8 13. Qc2 Ne5 14. b3 g5 15. Nc4
g4 16. Bg5 Ng6 17. a5 h6 18. Be3 Ne5 19. Nxe5 Rxe5 20. b4 cxb4 21. Rxb4 Qxa5
22. Rfb1 Nd7 23. Bxg4 b5 24. Ne2 Nc5 25. Bxc8 Rxc8 26. Nd4 Ree8 27. Nf5 Bf8 28.
Qd1 Kh7 29. Qh5 Nd3 30. Bxh6 1-0

[Event "SR 2. liga A 2004/2005"]
[Site "?"]
[Date "2004.12.19"]
[Round "6.1"]
[White "Oprea, Erik"]
[Black "Pivacek, Marek"]
[Result "1/2-1/2"]
[WhiteElo "2115"]
[BlackElo "1974"]
[PlyCount "126"]
[EventDate "2004.??.??"]

1. e4 e6 2. f4 d5 3. e5 c5 4. Bb5+ Bd7 5. Bxd7+ Qxd7 6. Nf3 Nc6 7. Nc3 Nh6 8.
Ne2 Be7 9. Ng3 g6 10. d3 O-O-O 11. c3 Nf5 12. a3 f6 13. b4 c4 14. d4 Nxg3 15.
hxg3 f5 16. a4 h6 17. a5 g5 18. Kf2 g4 19. Nh4 Rdg8 20. Ba3 Nb8 21. Qc2 Bxh4
22. Rxh4 Qb5 23. Rh5 Rg7 24. Rah1 Rgh7 25. Qb1 Qa4 26. Bc1 Nc6 27. Bd2 a6 28.
R1h2 Nd8 29. Qh1 Qc2 30. Qc1 Qxc1 31. Bxc1 Nc6 32. Ba3 Na7 33. b5 Nxb5 34. Bb4
Kd7 35. Ke3 Ke8 36. Kd2 Kd7 37. Rh1 Kc6 38. Bc5 Kd7 39. Rb1 Kc6 40. Rhh1 h5 41.
Rh4 Kd7 42. Ke3 Kc6 43. Bd6 Kd7 44. Kf2 Kc8 45. Bb4 Kd7 46. Ke3 Kc6 47. Rh2 Kd7
48. Ke2 Kc6 49. Kd2 Kd7 50. Bc5 Kc6 51. Rhh1 Kd7 52. Rb2 Kc6 53. Ke3 Kd7 54.
Rhb1 Kc6 55. Bd6 h4 56. gxh4 Rxh4 57. Be7 Rh1 58. Kf2 R8h7 59. Rxh1 Rxh1 60.
Rc2 Rd1 61. Bb4 Rb1 62. Ke3 Re1+ 63. Kf2 Rb1 1/2-1/2

[Event "SR 2. liga A 2004/2005"]
[Site "?"]
[Date "2004.12.19"]
[Round "6.1"]
[White "Rohacek, Miroslav"]
[Black "Smolen, Jan"]
[Result "1/2-1/2"]
[WhiteElo "2239"]
[BlackElo "2334"]
[PlyCount "88"]
[EventDate "2004.??.??"]

1. Nf3 Nf6 2. c4 c5 3. Nc3 Nc6 4. g3 d5 5. cxd5 Nxd5 6. Bg2 Nc7 7. O-O e5 8. d3
Be7 9. Be3 O-O 10. Rc1 b6 11. Nd2 Bb7 12. Nc4 f6 13. Qa4 Qe8 14. f4 Rb8 15.
fxe5 b5 16. Nxb5 Nd4 17. Bxd4 Bxg2 18. Kxg2 cxd4 19. Ncd6 Bxd6 20. Qc4+ Qe6 21.
Nxc7 Qxc4 22. Rxc4 Bxc7 23. Rxc7 Rxb2 24. exf6 Rxe2+ 25. Kh3 Rxf6 26. Rxf6 gxf6
27. Rxa7 Rd2 28. Kg4 Rxh2 29. Kf5 Rf2+ 30. Ke4 Rg2 31. Kxd4 Rxg3 32. a4 h5 33.
a5 Rg5 34. a6 Ra5 35. Ke4 h4 36. Kf3 h3 37. Kg3 Ra3 38. Kxh3 Rxd3+ 39. Kg4 Rd6
40. Kf5 Kf8 41. Kg6 f5+ 42. Kxf5 Kg8 43. Ke5 Rg6 44. Kd5 Kh8 1/2-1/2

[Event "SR 2. liga A 2004/2005"]
[Site "?"]
[Date "2004.12.19"]
[Round "6.1"]
[White "Tepper, Frantisek"]
[Black "Lesny, Stefan"]
[Result "0-1"]
[WhiteElo "2245"]
[BlackElo "2077"]
[PlyCount "108"]
[EventDate "2004.??.??"]

1. e4 e5 2. Bc4 Nc6 3. c3 Nf6 4. d3 Be7 5. b4 d6 6. Qb3 O-O 7. Nf3 Qe8 8. O-O
Nd8 9. Re1 b5 10. Bd5 c6 11. d4 cxd5 12. dxe5 dxe5 13. exd5 Bd6 14. Bf4 Nd7 15.
Nbd2 f6 16. Ne4 Nf7 17. a4 Nb6 18. Nc5 bxa4 19. Nxa4 Qb5 20. Nxb6 Qxb6 21. Be3
Qb7 22. Reb1 Bf5 23. Rb2 Rfb8 24. Nd2 a6 25. Nc4 Qxd5 26. Rd1 Bd3 27. Rxd3 Qxd3
28. Rd2 Rxb4 29. Qxb4 Qxd2 30. Nxd2 Bxb4 31. cxb4 Nd6 32. Kf1 a5 33. bxa5 Rxa5
34. g3 Kf7 35. Kg2 Ra4 36. h4 Nc4 37. Nf1 f5 38. Bc5 Ra2 39. Bb4 h6 40. Nh2
Ne3+ 41. Kf3 Nd1 42. Bc5 g5 43. hxg5 hxg5 44. g4 e4+ 45. Kg2 e3 46. gxf5 Rxf2+
47. Kg3 Rxf5 48. Bb4 Ke6 49. Nf3 Kd5 50. Be7 e2 51. Bb4 Ke4 52. Ne1 Ne3 53. Bc3
Rf1 54. Bb4 Nd5 0-1

[Event "SR 2. liga A 2004/2005"]
[Site "?"]
[Date "2004.12.18"]
[Round "6.2"]
[White "Chovanec, Vladimir"]
[Black "Krajnak, Robert"]
[Result "1/2-1/2"]
[WhiteElo "2075"]
[BlackElo "2115"]
[PlyCount "49"]
[EventDate "2004.??.??"]

1. Nf3 c5 2. g3 b6 3. Bg2 Bb7 4. O-O Nf6 5. b3 e6 6. Bb2 Be7 7. c4 O-O 8. e3
Na6 9. d4 Rc8 10. Nbd2 Qc7 11. Qe2 Qb8 12. Rfd1 Qa8 13. Rac1 Rfd8 14. Nh4 Bxg2
15. Nxg2 Nb4 16. a3 Nc6 17. Nf4 cxd4 18. exd4 d5 19. Nf3 Bf8 20. Ne5 Qb7 21.
Qf3 a5 22. Nh5 Ne4 23. cxd5 exd5 24. Nf4 Nf6 25. Nh5 1/2-1/2

[Event "SR 2. liga A 2004/2005"]
[Site "?"]
[Date "2004.12.19"]
[Round "6.2"]
[White "Daubner, Jakub"]
[Black "Machalova, Maria"]
[Result "1/2-1/2"]
[WhiteElo "2211"]
[BlackElo "2137"]
[PlyCount "106"]
[EventDate "2004.??.??"]

1. c4 e5 2. Nc3 Nc6 3. g3 g6 4. Bg2 Bg7 5. e3 d6 6. Nge2 Be6 7. b3 f5 8. d4 Bf7
9. O-O Nf6 10. Bb2 Qe7 11. a3 O-O 12. Qc2 Rad8 13. Nd5 Qd7 14. Nxf6+ Bxf6 15.
Rfd1 e4 16. b4 a6 17. Bf1 g5 18. Rac1 Ne7 19. d5 Bxb2 20. Qxb2 Ng6 21. Nd4 Ne5
22. b5 axb5 23. Qxb5 c6 24. dxc6 bxc6 25. Qb2 Bh5 26. Be2 Bxe2 27. Qxe2 c5 28.
Nb5 Qe7 29. a4 Rf6 30. a5 Rh6 31. Kg2 Qd7 32. h4 gxh4 33. Rh1 h3+ 34. Kf1 Ra8
35. Ra1 Ra6 36. Ra4 Qd8 37. Qd2 Nd3 38. Qa2 Qd7 39. Rh2 Qf7 40. Nc3 Qb7 41. Nd5
Kf7 42. Nf4 Qb2 43. Nxd3 Qxa2 44. Rxa2 exd3 45. Ke1 d5 46. cxd5 c4 47. Kd2 Rhd6
48. Rxh3 Rxd5 49. Rxh7+ Kg6 50. Rc7 Raxa5 51. Rxa5 Rxa5 52. Rxc4 Ra2+ 53. Kxd3
Rxf2 1/2-1/2

[Event "SR 2. liga A 2004/2005"]
[Site "?"]
[Date "2004.12.19"]
[Round "6.2"]
[White "Horak, Ivan"]
[Black "Skreno, Vladimir"]
[Result "1-0"]
[WhiteElo "2177"]
[BlackElo "2180"]
[PlyCount "127"]
[EventDate "2004.??.??"]

1. e4 c5 2. Nc3 Nc6 3. f4 g6 4. Nf3 Bg7 5. Bb5 Nd4 6. O-O Nxb5 7. Nxb5 a6 8.
Nc3 e6 9. f5 d5 10. fxe6 Bxe6 11. Nxd5 Bxd5 12. exd5 Qxd5 13. Qe2+ Ne7 14. Re1
Bf6 15. d4 O-O 16. Bh6 Rfd8 17. dxc5 Qxc5+ 18. Be3 Qc6 19. c3 Nf5 20. Bf2 Re8
21. Qd2 Rad8 22. Rxe8+ Qxe8 23. Qe1 Qb5 24. Rb1 Re8 25. Qc1 Qc4 26. a3 Re2 27.
Qf1 b5 28. b3 Qe6 29. Qc1 Ra2 30. c4 Qe2 31. Qf1 bxc4 32. Qxe2 Rxe2 33. bxc4
Rc2 34. c5 Kg7 35. g4 Ne7 36. g5 Bb2 37. Nd4 Rxf2 38. Ne6+ fxe6 39. Kxf2 Bd4+
40. Kf3 Bxc5 41. a4 a5 42. Rb7 Kf7 43. Ke4 Bb4 44. h3 Bd2 45. Ra7 Ke8 46. Kd3
Bb4 47. Ke4 Kf7 48. Kd3 Be1 49. Ke4 Bd2 50. Kd3 Bxg5 51. Rxa5 Kf6 52. Ra8 Nc6
53. a5 Ke5 54. a6 Bh4 55. Ke3 Be7 56. Rc8 Bc5+ 57. Ke2 Kd5 58. Rh8 h5 59. Ra8
Nd4+ 60. Kd3 Nc6 61. Ke2 Nd4+ 62. Kf1 Ke4 63. Rc8 Kd5 64. Rxc5+ 1-0

[Event "SR 2. liga A 2004/2005"]
[Site "?"]
[Date "2004.12.19"]
[Round "6.2"]
[White "Obdrzalkova, Anita"]
[Black "Petreje, Juraj"]
[Result "0-1"]
[WhiteElo "2137"]
[BlackElo "2192"]
[PlyCount "92"]
[EventDate "2004.??.??"]

1. d4 Nf6 2. c4 e6 3. Nc3 Bb4 4. Nf3 c5 5. a3 Bxc3+ 6. bxc3 Nc6 7. e3 d6 8. Bd3
e5 9. Qc2 O-O 10. O-O Re8 11. Nd2 b6 12. Re1 exd4 13. cxd4 Nxd4 14. Qd1 Bf5 15.
Bxf5 Nxf5 16. Bb2 Re6 17. Qf3 Nh4 18. Qe2 d5 19. cxd5 Qxd5 20. f3 Rae8 21. e4
Qg5 22. g3 Nh5 23. Qe3 Qxe3+ 24. Rxe3 Rd8 25. Nf1 Ng6 26. e5 Ne7 27. Re4 g6 28.
f4 Nc6 29. Rae1 Ng7 30. g4 Ree8 31. Kf2 Ne6 32. f5 Ned4 33. Ng3 Rd5 34. e6 fxe6
35. fxg6 hxg6 36. h4 Rf8+ 37. Kg2 Rd7 38. g5 Rdf7 39. Kh3 Rf2 40. Bc1 Kg7 41.
h5 gxh5 42. Nxh5+ Kf7 43. Nf6 Rh8+ 44. Kg3 Rf3+ 45. Kg2 Rc3 46. Rf1 Rc2+ 0-1

[Event "SR 2. liga A 2004/2005"]
[Site "?"]
[Date "2004.12.19"]
[Round "6.2"]
[White "Szitkey, Milan"]
[Black "Meszaros, Michal"]
[Result "1/2-1/2"]
[WhiteElo "2217"]
[BlackElo "2322"]
[PlyCount "102"]
[EventDate "2004.??.??"]

1. e4 c5 2. Nf3 d6 3. c3 Nf6 4. h3 Nc6 5. Bd3 e6 6. Bc2 Be7 7. O-O O-O 8. Re1
b6 9. d4 cxd4 10. cxd4 Nb4 11. Bb3 Ba6 12. Re3 d5 13. e5 Ne4 14. Nc3 Nxc3 15.
bxc3 Nc6 16. Nh2 Bg5 17. Rg3 Bh4 18. Rg4 f5 19. exf6 Bxf6 20. Nf3 Rc8 21. Bg5
Na5 22. Qe1 Qd6 23. Qe3 Rce8 24. Bc2 g6 25. Bxf6 Rxf6 26. Qh6 Qf8 27. Qh4 Nc4
28. Ng5 Re7 29. Nf3 Ref7 30. Bd3 Nd2 31. Nxd2 Bxd3 32. Nf3 Be2 33. Ne5 Bxg4 34.
Nxf7 Qxf7 35. hxg4 Kg7 36. f3 Qc7 37. g5 Rf5 38. Rc1 Qf4 39. Qh6+ Kg8 40. Re1
e5 41. dxe5 Rxe5 42. Rxe5 Qxe5 43. Qh3 Qe3+ 44. Kh2 Qxg5 45. Qc8+ Kg7 46. Qd7+
Kh6 47. Qxa7 Qe5+ 48. Kh3 Qxc3 49. Qxb6 d4 50. a4 Qd3 51. Qb5 Qxb5 1/2-1/2

[Event "SR 2. liga A 2004/2005"]
[Site "?"]
[Date "2004.12.19"]
[Round "6.3"]
[White "Bronis, Marian"]
[Black "Bebiak, Jozef"]
[Result "0-1"]
[WhiteElo "2161"]
[BlackElo "2122"]
[PlyCount "56"]
[EventDate "2004.??.??"]

1. d4 Nf6 2. c4 e6 3. Nc3 c5 4. e3 b6 5. Nf3 Bb7 6. Bd3 d5 7. O-O Bd6 8. b3 O-O
9. Bb2 Nbd7 10. Qe2 Rc8 11. Rfd1 Bb8 12. Rac1 Re8 13. cxd5 exd5 14. Bf5 Qe7 15.
Ba3 Rcd8 16. dxc5 Nxc5 17. Qc2 Nfe4 18. Ne2 Qf6 19. Bh3 Ne6 20. Ned4 Nxd4 21.
Rxd4 g5 22. Bb2 Qg6 23. g4 h5 24. gxh5 Qxh5 25. Rxe4 Rxe4 26. Bg2 Rg4 27. Qf5
d4 28. h3 Qxh3 0-1

[Event "SR 2. liga A 2004/2005"]
[Site "?"]
[Date "2004.12.19"]
[Round "6.3"]
[White "Cvicela, Anton"]
[Black "Provaznik, Michal"]
[Result "1/2-1/2"]
[WhiteElo "2185"]
[BlackElo "2192"]
[PlyCount "108"]
[EventDate "2004.??.??"]

1. e4 c5 2. Nf3 e6 3. d4 cxd4 4. Nxd4 a6 5. Bd3 Nf6 6. O-O d6 7. Be3 Be7 8. c4
Nbd7 9. Nc3 O-O 10. Rc1 Qc7 11. f4 b6 12. Kh1 Nc5 13. b4 Nxd3 14. Qxd3 Bb7 15.
f5 Rac8 16. fxe6 Qxc4 17. Qxc4 Rxc4 18. Nf5 Re8 19. exf7+ Kxf7 20. Bxb6 Rec8
21. Bd4 Bxe4 22. Nxe7 Kxe7 23. Bxf6+ gxf6 24. Rce1 Rxc3 25. Rxe4+ Kf7 26. Ref4
Rc1 27. Rxf6+ Kg8 28. Kg1 Rxf1+ 29. Kxf1 Rc1+ 30. Kf2 Rc2+ 31. Kf3 Rxa2 32.
Rxd6 a5 33. bxa5 Rxa5 34. Rd7 Ra4 35. Re7 Ra3+ 36. Kg4 Ra2 37. Kh3 Ra3+ 38. g3
Ra2 39. g4 Rb2 40. Kg3 Rb3+ 41. Kf4 Rb4+ 42. Kg5 Rb5+ 43. Kf6 Rb6+ 44. Re6 Rb8
45. Ra6 Rf8+ 46. Kg5 Rb8 47. h4 Kg7 48. Ra7+ Kg8 49. Re7 Ra8 50. h5 Rb8 51. Rd7
Rb5+ 52. Kf6 Rb6+ 53. Ke7 Rb1 54. h6 Rb8 1/2-1/2

[Event "SR 2. liga A 2004/2005"]
[Site "?"]
[Date "2004.12.19"]
[Round "6.3"]
[White "Gasa, Andrej"]
[Black "Nicolini, Alexander"]
[Result "1-0"]
[WhiteElo "2202"]
[BlackElo "2120"]
[PlyCount "63"]
[EventDate "2004.??.??"]

1. e4 e5 2. Nf3 Nc6 3. Bb5 Bc5 4. O-O Nge7 5. c3 a6 6. Ba4 b5 7. d4 exd4 8.
cxd4 Bb6 9. Bb3 O-O 10. Nc3 Na5 11. Bc2 d6 12. h3 f6 13. Re1 Ng6 14. Nd5 c6 15.
Nf4 Nxf4 16. Bxf4 Be6 17. Bg3 Rc8 18. b3 c5 19. d5 Bf7 20. Nh4 g6 21. Qg4 Nb7
22. Nf5 Be8 23. Ne7+ Qxe7 24. Qxc8 h5 25. Qe6+ Qxe6 26. dxe6 Kg7 27. Rad1 Bc7
28. f4 f5 29. exf5 gxf5 30. Rd5 Kg6 31. Bh4 Bc6 32. Rxf5 1-0

[Event "SR 2. liga A 2004/2005"]
[Site "?"]
[Date "2004.12.18"]
[Round "6.3"]
[White "Hartl, Jan"]
[Black "Bury, Rastislav"]
[Result "0-1"]
[WhiteElo "2155"]
[BlackElo "2050"]
[PlyCount "72"]
[EventDate "2004.??.??"]

1. e4 c6 2. d4 d5 3. exd5 cxd5 4. c4 Nf6 5. Nc3 Nc6 6. Nf3 Bg4 7. Be3 dxc4 8.
Bxc4 e6 9. h3 Bh5 10. g4 Bg6 11. Ne5 Bb4 12. O-O Bxc3 13. bxc3 Nd5 14. Nxc6
bxc6 15. Bd2 Qh4 16. Kg2 O-O 17. Re1 Rab8 18. Qc1 Qd8 19. Bb3 Qd7 20. Bc2 c5
21. dxc5 Qc6 22. f3 Qxc5 23. Be4 Rfc8 24. Qc2 Bxe4 25. fxe4 Nb6 26. Rab1 Nc4
27. Rxb8 Rxb8 28. Bc1 h6 29. Re2 Rd8 30. Re1 Qe5 31. Kf3 Qf6+ 32. Kg3 Ne5 33.
Re3 Qf1 34. Re2 Rd3+ 35. Re3 Qg1+ 36. Kf4 f6 0-1

[Event "SR 2. liga A 2004/2005"]
[Site "?"]
[Date "2004.12.19"]
[Round "6.3"]
[White "Machalova, Veronika"]
[Black "Bezuch, Martin"]
[Result "1-0"]
[WhiteElo "2168"]
[BlackElo "2190"]
[PlyCount "67"]
[EventDate "2004.??.??"]

1. e4 d6 2. d4 Nf6 3. Nc3 g6 4. f3 Bg7 5. Be3 O-O 6. Qd2 Nbd7 7. O-O-O a6 8. g4
b5 9. h4 c5 10. dxc5 Qa5 11. cxd6 exd6 12. Kb1 Bb7 13. h5 Rfc8 14. Bd4 b4 15.
Nd5 Nxd5 16. Bxg7 Nc3+ 17. Bxc3 bxc3 18. Qxd6 Rc6 19. Qd4 Qb6 20. Qxb6 Nxb6 21.
b3 Rc5 22. hxg6 hxg6 23. Rd6 Rc6 24. Rxc6 Bxc6 25. Ne2 f5 26. gxf5 gxf5 27.
Nxc3 Kg7 28. Bd3 a5 29. exf5 Bxf3 30. f6+ Kf7 31. Rh7+ Ke6 32. f7 Nd7 33. Bc4+
Ke7 34. f8=Q+ 1-0

[Event "SR 2. liga A 2004/2005"]
[Site "?"]
[Date "2004.12.19"]
[Round "6.3"]
[White "Pacher, Milan"]
[Black "Marko, Vladimir"]
[Result "0-1"]
[WhiteElo "2063"]
[BlackElo "2037"]
[PlyCount "54"]
[EventDate "2004.??.??"]

1. d4 d5 2. c4 c6 3. e3 Nf6 4. Nc3 Bf5 5. cxd5 cxd5 6. Qb3 Qd7 7. Nf3 e6 8. Bb5
Nc6 9. Ne5 Qc7 10. Qa4 Rc8 11. Qxa7 Bd6 12. Bxc6+ bxc6 13. Qxc7 Rxc7 14. Nf3
O-O 15. O-O Ra8 16. b3 Rca7 17. Bb2 Ne4 18. Na4 Rb8 19. Nc5 Rba8 20. a3 Bxc5
21. dxc5 Nxc5 22. Nd4 Nd3 23. Rab1 Nxb2 24. Rxb2 Rxa3 25. Nxc6 Bd3 26. Rd1 Ra1
27. Rbd2 Be2 0-1

[Event "SR 2. liga A 2004/2005"]
[Site "?"]
[Date "2004.12.19"]
[Round "6.4"]
[White "Doucha, Ludvik"]
[Black "Seitler, Andrej"]
[Result "1/2-1/2"]
[WhiteElo "2134"]
[BlackElo "2191"]
[PlyCount "77"]
[EventDate "2004.??.??"]

1. e4 c6 2. d4 d5 3. Nd2 dxe4 4. Nxe4 Nf6 5. Nxf6+ gxf6 6. Nf3 Bg4 7. Be2 e6 8.
O-O Bd6 9. Nh4 f5 10. g3 Rg8 11. Kh1 Nd7 12. Re1 Nf6 13. Bxg4 Nxg4 14. Qf3 Be7
15. h3 Bxh4 16. hxg4 fxg4 17. Qe4 Bf6 18. c3 Qd5 19. Bf4 h5 20. Qxd5 cxd5 21.
Kg2 Ke7 22. Rh1 Rh8 23. Rae1 Rh7 24. Be5 Bg5 25. f4 gxf3+ 26. Kxf3 Rg8 27. Re2
Rg6 28. Reh2 Rgh6 29. Bf4 Bxf4 30. gxf4 Kf6 31. Rh4 Ke7 32. R1h2 Kd6 33. Rh1 f6
34. Rg1 e5 35. fxe5+ fxe5 36. dxe5+ Kxe5 37. Rg5+ Ke6 38. Ke3 Kd6 39. Kd4
1/2-1/2

[Event "SR 2. liga A 2004/2005"]
[Site "?"]
[Date "2004.12.19"]
[Round "6.4"]
[White "Kovarik, Oto"]
[Black "Kisonova, Katarina"]
[Result "1/2-1/2"]
[WhiteElo "2100"]
[BlackElo "2163"]
[PlyCount "54"]
[EventDate "2004.??.??"]

1. e4 c5 2. Nf3 e6 3. d4 cxd4 4. Nxd4 a6 5. c4 Nf6 6. Nc3 d6 7. Be2 Qc7 8. O-O
b6 9. Be3 Bb7 10. f3 Be7 11. Qe1 O-O 12. Qf2 Nbd7 13. Rac1 Qd8 14. Rfd1 Re8 15.
b3 Rc8 16. Bd3 g6 17. Bb1 Qc7 18. Nde2 Bd8 19. Nf4 Ne5 20. Na4 Nfd7 21. Nd3
Nxd3 22. Bxd3 Nc5 23. Nxc5 dxc5 24. f4 Bf6 25. e5 Bg7 26. Rd2 Rcd8 27. Rcd1 Bf8
1/2-1/2

[Event "SR 2. liga A 2004/2005"]
[Site "?"]
[Date "2004.12.19"]
[Round "6.4"]
[White "Kralovic, Andrej"]
[Black "Sarmir, Milos"]
[Result "1/2-1/2"]
[WhiteElo "2062"]
[BlackElo "2151"]
[PlyCount "77"]
[EventDate "2004.??.??"]

1. e4 e5 2. Nc3 Nf6 3. f4 d5 4. fxe5 Nxe4 5. d3 Nxc3 6. bxc3 d4 7. Nf3 Bg4 8.
Be2 dxc3 9. d4 Qd5 10. O-O Nc6 11. Be3 Ba3 12. Qe1 Bb2 13. Rb1 h6 14. a3 O-O
15. Kh1 Bf5 16. Qg3 Kh8 17. Bd3 Bxd3 18. cxd3 Ne7 19. Nh4 c5 20. Bxh6 gxh6 21.
Rf6 Kh7 22. Qe3 Ng8 23. Nf5 Qe6 24. Rxe6 fxe6 25. Ng3 cxd4 26. Qe4+ Kh8 27.
Qxd4 Rad8 28. Qe3 Bxa3 29. Ne2 c2 30. Re1 Bb2 31. g4 Rd5 32. d4 Rc8 33. g5 Rd7
34. gxh6 Bxd4 35. Nxd4 c1=Q 36. Rxc1 Rxc1+ 37. Qxc1 Rxd4 38. Qg5 Rd7 39. h4 {
zbytok partie sa nedal zrekonstruovat} 1/2-1/2

[Event "SR 2. liga A 2004/2005"]
[Site "?"]
[Date "2004.12.18"]
[Round "6.4"]
[White "Lauf, Pavol"]
[Black "Heinrich, Jan"]
[Result "1/2-1/2"]
[WhiteElo "2120"]
[BlackElo "2105"]
[PlyCount "83"]
[EventDate "2004.??.??"]

1. Nf3 Nf6 2. g3 g6 3. Bg2 Bg7 4. O-O O-O 5. d4 d6 6. c4 c6 7. Nc3 Qa5 8. e4
Qh5 9. Ng5 h6 10. Qxh5 Nxh5 11. Nf3 e5 12. dxe5 dxe5 13. Be3 Be6 14. b3 Re8 15.
Rfd1 Nd7 16. Rd2 Nf8 17. Rad1 g5 18. Rd6 Ng6 19. Ne1 Bf8 20. R6d2 Bb4 21. Rc2
Red8 22. Nd3 Bxc3 23. Rxc3 b6 24. Rcc1 c5 25. Nb2 Bg4 26. f3 Be6 27. Rxd8+ Rxd8
28. Rd1 Rxd1+ 29. Nxd1 Ng7 30. Nc3 f5 31. Bh3 f4 32. Bxe6+ Nxe6 33. Bd2 Kf7 34.
Kf2 Ne7 35. Nd1 Nc6 36. Nb2 Ned4 37. Nd3 Ke6 38. g4 Nc2 39. Ke2 N2d4+ 40. Kf2
Nc2 41. Bc3 Ne3 42. Bd2 1/2-1/2

[Event "SR 2. liga A 2004/2005"]
[Site "?"]
[Date "2004.12.19"]
[Round "6.4"]
[White "Petenyi, Tamas"]
[Black "Kebis, Milos"]
[Result "0-1"]
[WhiteElo "2037"]
[BlackElo "2097"]
[PlyCount "140"]
[EventDate "2004.??.??"]

1. e4 g6 2. d4 Bg7 3. g3 d6 4. Bg2 Nf6 5. Nf3 Nxe4 6. O-O O-O 7. Re1 Nf6 8. c3
Nbd7 9. Nbd2 c5 10. Nb3 cxd4 11. Nbxd4 Nc5 12. Bg5 h6 13. Bxf6 Bxf6 14. b4 Nd7
15. Qd2 Bg7 16. Qe2 Ne5 17. Nxe5 Bxe5 18. h4 h5 19. Qe3 Bg7 20. a4 Rb8 21. a5
Bd7 22. a6 b5 23. Ra3 Rb6 24. Ra5 Qc8 25. Bf1 Bxd4 26. cxd4 e6 27. f4 Qb8 28.
Bg2 Qc8 29. Bb7 Qb8 30. Bf3 Rc8 31. d5 Qc7 32. dxe6 Bxe6 33. Bb7 Qc3 34. Qxc3
Rxc3 35. Kf2 Kg7 36. Raa1 Kf6 37. Rac1 Rc4 38. Kg2 d5 39. Rb1 Rd6 40. Re2 d4
41. Rd2 Bf5 42. Rbb2 d3 43. Kf2 Rdd4 44. Ke3 Rxb4 45. Bc6 Rxb2 46. Rxb2 Rc4 47.
Bxb5 Rc2 48. Rxc2 dxc2 49. Kd2 Ke7 50. Bc4 f6 51. Bb5 Kd6 52. Bc4 Kc5 53. Be2
Kd4 54. Bf3 c1=R 55. Kxc1 Ke3 56. Bb7 Kf2 57. Kd2 Kxg3 58. Ke3 Kxh4 59. Kf3 g5
60. fxg5 fxg5 61. Bc6 Bd3 62. Bb7 Bb5 63. Kg2 g4 64. Kh2 Kg5 65. Kg3 h4+ 66.
Kg2 Kf4 67. Kh2 Be2 68. Bc8 Kf3 69. Bb7+ Kf2 70. Bg2 Bxa6 0-1